[Event "BCF-chT3 0708 (4NCL)"]
[Site "Sunningdale"]
[Date "2008.03.01"]
[Round "7.7"]
[White "Elwin, Adrian G"]
[Black "Addis, Mark"]
[Result "0-1"]
[WhiteElo "2033"]
[BlackElo "2090"]
[PlyCount "79"]
[EventDate "2007.09.15"]
[EventType "team-tourn"]
[EventRounds "11"]
[EventCountry "ENG"]
[SourceTitle "EXT 2023"]
[Source "ChessBase"]
[SourceDate "2022.10.05"]
[SourceVersion "1"]
[SourceVersionDate "2022.10.05"]
[SourceQuality "1"]
[WhiteTeam "FCA Solutions"]
[BlackTeam "Warwicks Select"]
[WhiteTeamCountry "ENG"]
[BlackTeamCountry "ENG"]

1. d4 Nf6 2. c4 g6 3. Nc3 Bg7 4. e4 d6 5. Nf3 0-0 6. Be2 e5 7. dxe5 dxe5 8. Qxd8 Rxd8 9. Bg5 Re8 10. 0-0-0 Na6 11. Nxe5 Rxe5 12. Rd8+ Re8 13. Bxf6 Rxd8 14. Bxd8 Bxc3 15. bxc3 Bh3 16. Rd1 Bxg2 17. f3 Bh3 18. c5 Nxc5 19. Bxc7 Be6 20. Bd6 Rc8 21. Kc2 a6 22. c4 b5 23. cxb5 Nxe4+ 24. Kb2 Nc3 25. Rd2 axb5 26. Be5 b4 27. Ba6 Ra8 28. Rd6 Na4+ 29. Kb1 Nc5 30. Bb5 Bxa2+ 31. Kb2 Be6 32. Bc6 Rc8 33. Bd4 Nd3+ 34. Kc2 Nf4 35. Kb2 b3 36. Be5 Nh5 37. Bb7 Re8 38. Bc6 Rf8 39. Ba4 Rc8 40. Bxb3 0-1

[Event "BCF-chT4 0607 (4NCL)"]
[Site "Sunningdale"]
[Date "2007.03.24"]
[Round "7.121"]
[White "Addis, Mark"]
[Black "Quinn, John M"]
[Result "1/2-1/2"]
[WhiteElo "2060"]
[BlackElo "2143"]
[PlyCount "66"]
[EventDate "2006.09.16"]
[EventType "team"]
[EventRounds "11"]
[EventCountry "ENG"]
[SourceTitle "EXT 2008"]
[Source "ChessBase"]
[SourceDate "2007.11.25"]
[SourceVersion "1"]
[SourceVersionDate "2007.11.25"]
[SourceQuality "1"]
[WhiteTeam "Sutton Coldfield"]
[BlackTeam "Athenaeum"]
[WhiteTeamCountry "ENG"]
[BlackTeamCountry "ENG"]

1. d4 Nf6 2. c4 e6 3. Nf3 Bb4+ 4. Bd2 Qe7 5. g3 0-0 6. Bg2 Ne4 7. 0-0 Bxd2 8. Nfxd2 Nxd2 9. Qxd2 d6 10. e4 e5 11. d5 a5 12. Nc3 Nd7 13. Rae1 Nc5 14. f4 f5 15. fxe5 dxe5 16. Qe3 f4 17. gxf4 Rxf4 18. Rxf4 exf4 19. Qd4 Ra6 20. Rf1 Rg6 21. Ne2 Qxe4 22. Qxe4 Nxe4 23. Nxf4 Rg4 24. Ne6 Nf6 25. b3 Bxe6 26. dxe6 Kf8 27. Kh1 c6 28. Rf5 Ke7 29. Rxa5 Rd4 30. Bh3 Rd1+ 31. Kg2 Rd2+ 32. Kg1 Rd1+ 33. Kg2 Rd2+ 1/2-1/2

[Event "BCF-chT4 0607 (4NCL)"]
[Site "Sunningdale"]
[Date "2007.02.11"]
[Round "6.1"]
[White "Poobalasingam, Peter"]
[Black "Addis, Mark"]
[Result "1-0"]
[WhiteElo "2089"]
[BlackElo "2060"]
[PlyCount "53"]
[EventDate "2006.09.16"]
[EventType "team"]
[EventRounds "11"]
[EventCountry "ENG"]
[SourceTitle "EXT 2008"]
[Source "ChessBase"]
[SourceDate "2007.11.25"]
[SourceVersion "1"]
[SourceVersionDate "2007.11.25"]
[SourceQuality "1"]
[WhiteTeam "London Mstrs"]
[BlackTeam "Sutton Coldfield"]
[WhiteTeamCountry "ENG"]
[BlackTeamCountry "ENG"]

1. d4 Nf6 2. c4 g6 3. Nc3 Bg7 4. e4 d6 5. f4 0-0 6. Nf3 c5 7. d5 e6 8. Be2 exd5 9. exd5 Na6 10. 0-0 Nc7 11. a4 b6 12. Bd3 a6 13. f5 Bd7 14. Bg5 b5 15. axb5 axb5 16. cxb5 Rxa1 17. Qxa1 Qa8 18. fxg6 hxg6 19. Bc4 Rb8 20. Bf4 Nfe8 21. Qe1 Nxb5 22. Ng5 Bf6 23. Nce4 Bd4+ 24. Kh1 Bf5 25. Qh4 Bg7 26. Bxb5 Rxb5 27. Nxd6 1-0

[Event "BCF-chT4 0607 (4NCL)"]
[Site "Sunningdale"]
[Date "2006.09.24"]
[Round "2.2"]
[White "Addis, Mark"]
[Black "Maguire, Robert"]
[Result "1-0"]
[WhiteElo "2060"]
[BlackElo "1795"]
[PlyCount "69"]
[EventDate "2006.09.16"]
[EventType "team"]
[EventRounds "11"]
[EventCountry "ENG"]
[SourceTitle "CBM 115 Extra"]
[Source "ChessBase"]
[SourceDate "2007.01.10"]
[SourceVersion "1"]
[SourceVersionDate "2007.01.10"]
[SourceQuality "1"]
[WhiteTeam "Sutton Coldfield"]
[BlackTeam "W Collective II"]
[WhiteTeamCountry "ENG"]
[BlackTeamCountry "ENG"]

1. d4 Nf6 2. c4 g6 3. Nc3 Bg7 4. e4 d6 5. f3 Nbd7 6. Be3 e5 7. d5 Nh5 8. Qd2 Qh4+ 9. g3 Qd8 10. Nge2 Nb6 11. Nc1 Qf6 12. Be2 h6 13. Nb5 Qe7 14. Bd3 a6 15. Nc3 Qf6 16. Rf1 Bh3 17. Rf2 g5 18. N1e2 Qg6 19. 0-0-0 Nf6 20. g4 h5 21. Bxg5 hxg4 22. Be3 Bh6 23. f4 Nh5 24. fxe5 Bxe3 25. Qxe3 dxe5 26. c5 Nd7 27. Kb1 g3 28. hxg3 Bg4 29. c6 bxc6 30. dxc6 Ndf6 31. Qc5 Bxe2 32. Qxe5+ Kf8 33. Bxe2 Nxg3 34. Rxf6 Qg7 35. Bc4 1-0